000 00904nam a22002417a 4500
999 _c6862
_d6862
003 AR-CdUCM
008 190319b ||||| |||| 00| 0 spa d
040 _aMUNICIPALIDAD PROVINCIAL DEL CUSCO
_cBIBLIOTECA MUNICIPAL DEL CUSCO
041 _heng
082 _a709 /
_bUN57
110 _aUnited Nations Eduational, Scientific and Cultural Organization
_919206
245 _aManuscritos irlandeses primitivos /
260 _aMéxico-Buenos Aires
_bEditorial Hermes,
_c1964.
300 _a28 páginas ;
_bIlustraciones en color, desplegables
_c17 cm.
440 _aUnesco-Hermes Bolsilibros de Arte
_n13
_919335
505 _aContenido : El libro de Durrow -- El libro de Kells -- El misal de Stowe...
650 _aArte irlandés
_919336
650 _aHistoria del arte
_91647
650 _aArte primitivo
_919337
700 _aJames Johnson Sweeney
_919338
942 _2ddc
_cLIBROS
945 _admma